000 00407nam a2200181Ia 4500
005 20250423095910.0
008 250422s9999 xx 000 0 und d
020 _a0-7821-2482-5
050 _aQA 76.73.J39 .J395/
100 _aJaworski, James
245 0 _aJava script and JS cript
260 _aParis
260 _bSybex
260 _c1999
300 _a895 p
650 _aComputer
942 _cBK
999 _c31666
_d31666